Регионална библиотека "Любен Каравелов" - Русе

Лечителят медиум (Запис номер 325038)

MARC детайли
000 -Лидер
Контролно поле с фиксирана дължина 01502aam a2200313 a 4500
003 - Код на организацията, давaща контролен номер
Контролно поле BLK
005 - Дата и час на последна редакция
Контролно поле 20250603174335.0
008 - Елементи от данни с фиксирана дължина
fixed length control field 181010b bu ||||| |||| 00| 0 bu d
020 ## - Международен стандартен номер на книга ISBN
Международен стандартен номер на книга ISBN 9789542618201
040 ## - Източник на каталожния запис
Идентификатор на билиотеката - собственик на записа BLK
041 ## - Код за език
Код за езика на текст/звукозапис или на отделно заглавие Български
Код за езика КДБФ Български
080 ## - УДК
Текстов определител УДК Физиотерапия. Механично действащи средства. Радиотерапия и др. нелекарствени терапевтични средства и методи
УДК код - определител по УДК 615.8
УДК - код + определител 615.8
100 ## - Редна дума - Автор
Автор Уилям, Антъни
Авторска отговорност първи автор
R(LIN) 1299
139 ## - Редно поле
Редна дума Уилям, Антъни
Авторски знак Уиля - У 40
245 ## - Сведения за заглавието
Заглавие Лечителят медиум
Подзаглавни данни Най-полезните храни : Скритите лечебни свойства на плодовете, зеленчуците, билките и подправките и диворастящите храни
Редно поле (дума) Антъни Уилям
260 ## - Област на издателските данни
Име на издателя, разпространителя и проч. Хермес
Година на издаване 2018
Място на издаване, разпространение и проч. Пловдив
300 ## - Физическа характеристика
Страници 376 с.
Размери/Мащаб 20 см
380 ## - Жанр
Жанр Медицина
650 #0 - Допълнително описание по предмет – тема
9 (RLIN) 266884
Основно описание – тема или топоним Медицина, алтернативна
653 #7 - Ключова дума – ненормативна
9 (RLIN) 182223
Ключова дума болести
653 #7 - Ключова дума – ненормативна
9 (RLIN) 180744
Ключова дума алтернативна медицина
700 1# - Други автори (авторска отговорност)
Лично име Милева, Снежана Цветанова
Дати, свързани с автора 1974 -
Друга информация Преводач от/на английски и немски език
9 (RLIN) 95687
852 ## - Местоположение
Форматна сигнатура Цб 294381
999 ## - СИСТЕМНИ КОНТРОЛНИ НОМЕРА
Koha biblionumber 325038
Koha biblioitemnumber 325038
942 ## - АРТИКУЛИ
Вид на библиотечния материал Книги
Източник на класификационната схема Universal Decimal Classification
Скрит в OPAC Не
Koha issues (borrowed), all copies 25
944 ## - СЪЗДАВАНЕ И РЕДАКЦИЯ на ЗАПИСА
Създаване/Редакция Редакция
Дата на регистрацията/редакция 2019-04-08
Служител, извършил регистрацията/редакцията 30530
Статус, дата на статуса Минев Младен
999 ## - СИСТЕМНИ КОНТРОЛНИ НОМЕРА
Koha biblioitemnumber 325038
999 ## - СИСТЕМНИ КОНТРОЛНИ НОМЕРА
Koha biblioitemnumber 325038
999 ## - СИСТЕМНИ КОНТРОЛНИ НОМЕРА
Koha biblioitemnumber 325038
Наличности
Код за отписване Код за изгубен артикул Източник на класификационната схема Код за повреда Код за отдаване Артикулен № Име на библиотеката - собственик Име на библиотеката, в която се намира в момента Статус (Текущо местоположение) Дата на вписване в системата Местоположение - отдел Цена в лева Инвентарен номер Систематично азбучна сигнатура Баркод Цена в евро Служебен тип на артикула Коз за рестрикции
  Не е изгубен Universal Decimal Classification Не е повреден заемане за дома 680902 Регионална библиотека "Любен Каравелов" Русе Регионална библиотека "Любен Каравелов" Русе Заемна - подръчен фонд 2018-09-27 Заемна - подръчен фонд 11.97 120000824072 П 615.8/У 40 120000824072 6.12 Книги  
  Не е изгубен Universal Decimal Classification Не е повреден ползва се в читалня 699769 Регионална библиотека "Любен Каравелов" Русе Регионална библиотека "Любен Каравелов" Русе Хранилище 2019-04-10 Хранилище 15.95   Цб 294381 120000831221 8.16 Книги без рестрикции
Vip Innovations Ltd, Rousse, Bulgaria 2025